| 000 | 00666nam a2200229Ia 4500 | ||
|---|---|---|---|
| 999 |
_c5239 _d5239 |
||
| 020 | _a0-387-26236-9 | ||
| 082 | _a155.9042 HAN- | ||
| 245 | 0 | _aHandbook of multicultural perspectives on stress and coping | |
| 260 |
_aNew York _bSpringer _c2006 |
||
| 300 | _axxv, 636 | ||
| 440 | _aInternational and cultural psychology series | ||
| 504 | _aincludes index | ||
| 650 |
_aStress (Phychology) _vReligious aspects |
||
| 650 | _aStress management | ||
| 650 |
_aPsychology _vMethodology |
||
| 650 | _aAdjustment (Phychology) | ||
| 650 | _aEthnopsychology | ||
| 700 | _aMarsel, Anthony | ||
| 700 | _aWong, Paul T. P. | ||
| 700 | _aWong, Lilian C.J | ||
| 942 | _cBK | ||